Estadística para ciencias e ingeniería

Bibliographic Details
Main Authors: Kennedy, John B, Neville, Adam M
Format: Section = Libro
Language:Undetermined
Spanish
Published: México Guadarrama 1982
Edition:2a.ed
Subjects:
LEADER 00527nam a2200205Ia 4500
008 240830s9999 xx 000 0 und d
020 |a 968-6034-20-X 
040 |a B-ESTELÍ- RUACS / 519.53 K35 
041 |a spa 
082 |a 519.53 K35 
100 1 |a Kennedy, John B 
100 1 |b  Neville, Adam M 
245 1 0 |a Estadística para ciencias e ingeniería 
250 |a 2a.ed 
260 |a México  |b Guadarrama  |c 1982 
300 |a 468 p. : il 
650 7 |a ESTADISTICA MATEMATICA 
942 |c BK  |2 ddc 
991 |a TEXTO 
999 |c 10980